00892nam a2200229 i 45000010005000000030009000050050017000140070003000310080041000340200025000750800023001000800021001230800022001441000047001662450086002132600038002993000027003375000012003645050195003766500047005718520044006185624ES-MaACL20230906144638.0t|890208m19889999sp ||||1| spa d a84-7398-574-5 (O.C.) a347.235(46)(094.4) a347.7(46)(094.4) a347.27(46)(094.4)1 aGarcía García, José Manuel (d1942-)10aDerecho inmobiliario registral o hipotecario / cJosé Manuel García García. aMadrid : bCivitas, c1988-<2002> av. <1-3, 5> ; c24 cm. aIndice.8 aContiene: v. 1. [Sin título] v. 2. El concepto de tercero, inoponibilidad, fe pública, prioridad v. 3. Calificación, tracto, especialidad y otros principios v. 5. Urbanismo y registro04aDerecho inmobiliario registral-zEspaña. aES-MaACLjP-602 bR.116446 z. - plast.